Sports Quiz

Random Sports or Quick Pick Quiz

Quick Pick: Ivy League Teams Quiz Stats

Quiz not verified by Sporcle

Challenge
Share
Tweet
Embed
Score 0/8 Timer 00:30
0 Plays Today
% Correct
Bulldogs
76.5%
Quakers
76.2%
Bears
75.5%
Tigers
74.4%
Crimson
73.6%
Big Red
62.1%
Big Green
59.2%
Lions
58.8%

You're not logged in!

Compare scores with friends on all Sporcle quizzes.
Sign Up with Email
OR
Log In

You Might Also Like...

Show Comments

Extras

Top Quizzes Today


Score Distribution

Your Account Isn't Verified!

In order to create a playlist on Sporcle, you need to verify the email address you used during registration. Go to your Sporcle Settings to finish the process.